Distretti della Romania - Statistics

Statistiche generali
  • Questo quiz è stato fatto 65 volte
  • Il punteggio medio è 27 su 42
Statistiche sulle risposte
Hint Risposta % Corretto
CJ Cluj
93%
BC Bacau
91%
B Bucarest
87%
IS Iasi
85%
BV Brasov
83%
SB Sibiu
83%
BZ Buzau
80%
CT Costanza
80%
MM Maramures
80%
BT Botosani
78%
VS Vaslui
78%
AR Arad
76%
TM Timis
76%
GL Galati
74%
SV Suceava
74%
AB Alba
72%
AG Arges
72%
HD Hunedoara
72%
BR Braila
65%
NT Neamt
65%
MS Mures
63%
OT Olt
63%
SM Satu Mare
63%
BH Bihor
61%
IF Ilfov
59%
PH Prahova
59%
TL Tulcea
59%
VN Vrancea
59%
CV Covasna
54%
MH Mehedinti
54%
HR Harghita
52%
SJ Salaj
52%
BN Bistrita - Nasaud
50%
DJ Dolj
50%
GR Giurgiu
50%
GJ Gorj
50%
CL Calarasi
48%
VL Valcea
48%
TR Teleorman
46%
DB Dambovita
43%
IL Ialomita
41%
CS Caras - Severin
39%
Nessun quiz corrispondente trovato
Distribuzione punteggi
Percentuale di utenti per punteggio
Percentile per numero di risposta
I tuoi punteggi nel tempo
Non hai fatto questo quiz